000 00353nam a2200157Ia 4500
001 24558
008 140411s9999 xx 000 0 und d
020 _a0-00-512622-3
040 _cPK-LaUMT
082 _a 220
_bGOO-
245 _aGood news Bible
260 _aNew York,USA:
_bCollins Bible,
_c1976
300 _a363 p.
546 _aEN
942 _cBK
999 _c24752
_d24752